| 000 | 00388cam a2200157ua 4500 | ||
|---|---|---|---|
| 041 |
_aeng _h |
||
| 082 |
_a631.312 _bIND/TE |
||
| 100 | _aIndian Standard Institution, . | ||
| 245 | 0 | 0 | _aTest code for puddler,IS:11531-1985 |
| 250 |
_a1 / _b. |
||
| 260 |
_aNew Delhi : _bIndian Standards Institution , _c1986. |
||
| 300 | _a18 ; . | ||
| 504 | _a | ||
| 942 | _cBK | ||
| 999 |
_c4537 _d4537 |
||